000 00674cab a2200229 4500
001 WB2741-12
008 090401t1991 xxu||||| |||| 00| 0 eng d
035 _a(Sirsi) u20603
041 _aeng
245 _aMarket masterplan`s City link
260 _c1991
350 _a0
490 _aTimes
_v23 October 1991, 32(1)
520 _aOutlines the latest Spitalfields development plan and its controversial 16-storey central building designed by Sir Norman Foster.
650 _aLONDON
650 _aOFFICES
650 _aSOCIAL HOUSING
650 _aSPITALFIELDS DEVELOPMENT GROUP
690 _aPROPERTY-PROPERTY DEVELOPMENT
942 _n0
948 _c04/03/1997
999 _c13802
_d13802